000
00334 a2200109 4500
001
ART_7982
005
20260410161639.0
008
260409a
245
1
0
_a
Panorama internacional. Controversias fiscales
100
1
_a
Edelstein, Andrés M.
773
0
_t
Consultor tributario
_g
- Vol. 2, Nº 19 (sep. 2008)
_w
REV474
999
_c
13114
_d
13114